LEADER 01106nam a2200253 i 4500 001 000000186957 003 CaOOAMICUS 005 20150326000000.0 008 150326s1944 it u000 u ita u 013 $a165014 040 $aSeMil$bita 100 1 $aPallotti, Vincenzo.$0(OLS)http://semarc/name/68614 245 10$aRegole fondamentali della società dell'apostolato cattolico /$cVincenzo Pallotti ; a cura di Ansgario Faller. 260 $aRoma :$bScuola Tipografica Artigiana Pallotti,$c1944. 300 $a105 p., [1] c. di tav. ;$c17 cm. 500 $aFondo card. Giovanni Colombo. 650 4$aApostolato cattolico.$0(OLS)http://semarc/subject/34080 700 1 $aFaller, Ansgario.$0(OLS)http://semarc/name/23354 850 $aSeMil 852 $aSeMil$W1$xVenegono$y1$m3GC I 340$j137644$B137644$CSeMilBibl$Z2$F149167 $8B 941 1 $a3 961 $aLascito: Colombo Card. Giovanni 996 $6245$aRegole fondamentali della società dell'apostolato cattolico$9(OLS)http://semarc/title/268887 996 $6260$aRoma :$bScuola Tipografica Artigiana Pallotti$9(OLS)http://semarc/publisher/41643 LEADER 01389nam a2200289 i 4500 001 000000191242 003 CaOOAMICUS 005 20100721000000.0 008 100721s2010 it u000 u ita u 013 $a169761 020 $a978-88-343-1869-0 040 $aSeMil$bita 245 13$aLe Conferenze episcopali in Europa :$bun nuovo attore delle relazioni tra Stati e Chiesa cattolica /$ca cura di Stella Coglievina. 260 $aMilano :$bV&P,$c2010. 300 $aXXI, 226 p. ;$c22 cm. 490 0 $aV&P Università. Diritto. Ricerche 500 $aContiene : Appendice. 650 4$aChiesa cattolica - Conferenze episcopali - Europa.$0(OLS)http://semarc/subject/36023 700 1 $aCoglievina, Stella.$0(OLS)http://semarc/name/69875 774 0 $aMargiotta Broglio, Francesco <1938- >$tRecenti sviluppi del dialogo Stato-religioni in Francia.$w()308150 830 0$aUniversità. Diritto. Ricerche [V&P].$0(OLS)http://semarc/title/10086 850 $aSeMil 852 $aSeMil$W1$xVenegono$y1$m2H III 9$j141856$B141856$CSeMilBibl$Z2$F153772 $81 961 $aOmaggio: Delpini mons. Mario 996 $6020$a978-88-343-1869-0$9(OLS)http://semarc/number/182294 996 $6245$aLe Conferenze episcopali in Europa :$bun nuovo attore delle relazioni tra Stati e Chiesa cattolica$9(OLS)http://semarc/title/275561 996 $6260$aMilano :$bV&P$9(OLS)http://semarc/publisher/32040 LEADER 01084nam a2200277 i 4500 001 000000090289 003 CaOOAMICUS 005 20060630000000.0 008 060630s1959 it u000 u ita u 013 $a62531 040 $aSeMil$bita 100 1 $aBosco, Umberto,$d<1900-1987>.$0(OLS)http://semarc/name/2339 245 10$aRealismo romantico /$cUmberto Bosco. 260 $aCaltanissetta ; Roma :$bSalvatore Sciascia,$c1959. 300 $a302 p. ;$c20 cm. 490 0 $aAretusa$ [S. Sciacca]v8 500 $aFondo Ciprandi. 650 4$aLetteratura italiana - Sec. 19.-20.$0(OLS)http://semarc/subject/13603 650 4$aRomanticismo - Italia.$0(OLS)http://semarc/subject/15149 830 0$aAretusa ;$v8.$0(OLS)http://semarc/title/419367 850 $aSeMil 852 $aSeMil$W1$xVenegono$y1$m1D III 131$j53257$B53257$CSeMilBibl$Z2$F57890 $81 941 1 $a1 961 $aOmaggio: Ciprandi dott. Paolo 996 $6245$aRealismo romantico$9(OLS)http://semarc/title/136202 996 $6260$aCaltanissetta ; Roma :$bSalvatore Sciascia$9(OLS)http://semarc/publisher/30104